000 00329nam a2200145Ia 4500
100 _aI.T.B Module H 25
942 _cBK
654 _aMechanical Fifting
245 _aMechanical Fifting
260 _bEngineering Industry Trq.Board
_aEngland
_c1982
082 _a621
_bITB
300 _a153
546 _aENGLISH
999 _c23867
_d23867